Po valnom zhromaždení v Harmaneckých papierňach dochádza k integrácii slovenského celulózovo-papierenského priemyslu

Súperenie dvoch najväčších slovenských bánk Slovenskej sporiteľne, a.s. Bratislava a VÚB, a.s. Bratislava o získanie kontroly nad najväčším výrobcom slovenských hygienických papierov na Slovensku, Harmaneckými papierňami, a.s. Harmanec. Významní akcionári HP, a.s.

Gespeichert in:
Bibliographische Detailangaben
1. Verfasser: Beer, Gabriel
Format: Buchkapitel
Sprache:Slowakisch
Schlagworte:
Tags: Tag hinzufügen
Keine Tags, Fügen Sie das erste Tag hinzu!

MARC

LEADER 00000naa a2200000 4500
001 r027336
005 20230921081138.8
041 0 |a slo 
044 |a SK 
245 1 0 |a Po valnom zhromaždení v Harmaneckých papierňach dochádza k integrácii slovenského celulózovo-papierenského priemyslu  |c G. Beer 
520 |a Súperenie dvoch najväčších slovenských bánk Slovenskej sporiteľne, a.s. Bratislava a VÚB, a.s. Bratislava o získanie kontroly nad najväčším výrobcom slovenských hygienických papierov na Slovensku, Harmaneckými papierňami, a.s. Harmanec. Významní akcionári HP, a.s. 
610 2 0 |a Harmanecké papierne, a.s. Harmanec 
610 2 0 |a priemysel papiernický 
610 2 0 |a akcionári 
610 2 0 |a rady dozorné 
610 2 0 |a akcie 
100 1 |a Beer, Gabriel